000 nam a22 7a 4500
999 _c9148
_d9148
008 180123b ||||| |||| 00| 0 eng d
100 _aNCERT
_95418
245 _aStatistics for Economics XI
260 _aNew Delhi
_bNCERT
_c2006